| 000 | 00828aam a2200313 4500 | ||
|---|---|---|---|
| 005 | 20250701165541.0 | ||
| 008 | 150302b2007 xxu||||| |||| 00| 0 ES d | ||
| 020 | _a9788448156725 | ||
| 041 | _aESP | ||
| 082 | _a330 B517p | ||
| 100 |
_aBernanke, Ben S. _929383 |
||
| 100 |
_aFrank, Robert H. _929384 |
||
| 245 | _aPrincipios de economía | ||
| 250 | _a3 edición | ||
| 260 |
_aEspaña _bMcGraw-Hill _c2007 |
||
| 300 | _a946 páginas | ||
| 490 | _aDirección y Administración de Empresas | ||
| 650 | _aECONOMÍA | ||
| 650 | _aCOMPETENCIA | ||
| 650 | _aANÁLISIS ECONÓMICO | ||
| 650 | _aINTERVENCIÓN DEL ESTADO | ||
| 650 | _aOFERTA | ||
| 650 | _aDEMANDA | ||
| 650 | _aELASTICIDAD | ||
| 650 | _aMACROECONOMÍA | ||
| 650 | _aECONOMÍA INTERNACIONAL | ||
| 650 | _aEQUILIBRIO FINANCIERO | ||
| 942 |
_cBK _2ddc |
||
| 999 |
_c3509 _d3509 |
||